000
00173 a2200097 4500
020
_a
0545027128
041
_a
eng
100
_a
Lynn Maslen
245
_a
Chickens
942
_c
K
999
_c
26152
_d
26152